Los planes de estabilización en el Mercosur (Registro nro. 29410)
[ vista simple ]
| 000 -LEADER | |
|---|---|
| fixed length control field | 00442 a2200133 4500 |
| 001 - CONTROL NUMBER | |
| control field | ART_26507 |
| 005 - DATE AND TIME OF LATEST TRANSACTION | |
| control field | 20260410161940.0 |
| 008 - FIXED-LENGTH DATA ELEMENTS--GENERAL INFORMATION | |
| fixed length control field | 260409a |
| 100 1# - MAIN ENTRY--PERSONAL NAME | |
| Personal name | Lopez Murphy, Ricardo H. |
| 245 10 - TITLE STATEMENT | |
| Title | Los planes de estabilización en el Mercosur |
| 700 1# - ADDED ENTRY--PERSONAL NAME | |
| Personal name | SantAna, José Antonio |
| 700 1# - ADDED ENTRY--PERSONAL NAME | |
| Personal name | Heymann, Daniel |
| 773 0# - HOST ITEM ENTRY | |
| Title | Ciclos en la historia, la economía y la sociedad |
| Related parts | - Vol. V, Nº 8 (ene./jun. 1995) |
| Record control number | REV26321 |
No hay ítems disponibles.